| 000 | 01087nam a2200313 a 4500 | ||
|---|---|---|---|
| 999 |
_c48347 _d48347 |
||
| 001 | 1038512 | ||
| 005 | 20191014154230.0 | ||
| 008 | 890626r19891905ilu 001 0 eng | ||
| 010 | _a 89051155 | ||
| 020 | _a0842313583 | ||
| 040 |
_aDLC _cDLC _dDLC |
||
| 100 | 1 |
_aMason, Charlotte M. _q(Charlotte Maria), _d1842-1923. |
|
| 245 | 1 | 0 |
_aOurselves / _cCharlotte M. Mason. |
| 260 |
_aWheaton, Ill. : _bTyndale House, _cc1989. |
||
| 300 |
_a252 p. ; _c19 cm. |
||
| 336 | _atext | ||
| 337 | _aunmediated | ||
| 338 | _avolume | ||
| 490 | 1 |
_aThe Original home schooling series ; _vv. 4 |
|
| 500 | _aCover has subtitle: Improving character and conscience. | ||
| 500 | _aReprint. Originally published: London, England : K. Paul, Trench, Trübner and Co., 1905. | ||
| 650 | 0 |
_aYouth _xConduct of life. |
|
| 650 | 0 |
_aYouth _xReligious life. |
|
| 650 | 0 | _aCharacter. | |
| 650 | 0 | _aChristian ethics. | |
| 800 | 1 |
_aMason, Charlotte M. _q(Charlotte Maria), _d1842-1923. _tOriginal home schooling series ; _vv. 4. |
|
| 906 |
_a7 _bcbc _corignew _d2 _eocip _f19 _gy-gencatlg |
||
| 942 |
_2lcc _cBK |
||